Daňové a nedaňové náklady

Salvato in:
Dettagli Bibliografici
Autore principale: Hnátek, Miloslav
Natura: Libro
Lingua:ceco
Pubblicazione: Praha ESAP 2025
Edizione:8. aktualizované vydání
Soggetti:
Tags: Aggiungi Tag
Nessun Tag, puoi essere il primo ad aggiungerne!!

MARC

LEADER 00000nam a2200000 4500
001 0307184
005 20250430081216.7
020 |a 978-80-908801-4-6 
041 0 |a cze 
044 |a CZ 
245 1 0 |a Daňové a nedaňové náklady  |c Miloslav Hnátek 
250 |a 8. aktualizované vydání 
264 1 |a Praha  |b ESAP  |c 2025 
300 |a 329 s. 
610 2 0 |a dane 
610 2 0 |a zdaňovanie 
610 2 0 |a náklady daňové 
610 2 0 |a základ dane 
610 2 0 |a odpisy daňové 
100 1 |a Hnátek, Miloslav